South Eastern Kenya University

Library Online Public Access Catalogue


Your child's health : (Record no. 14121)

MARC details
000 -LEADER
fixed length control field 01322cam a22003374a 4500
001 - CONTROL NUMBER
control field 14117913
003 - CONTROL NUMBER IDENTIFIER
control field OSt
005 - DATE AND TIME OF LATEST TRANSACTION
control field 20160517123239.0
008 - FIXED-LENGTH DATA ELEMENTS--GENERAL INFORMATION
fixed length control field 050923s2005 nyu 001 0 eng
010 ## - LIBRARY OF CONGRESS CONTROL NUMBER
LC control number 2005053679
020 ## - INTERNATIONAL STANDARD BOOK NUMBER
International Standard Book Number 0553383698
035 ## - SYSTEM CONTROL NUMBER
System control number (OCoLC)ocm61758691
040 ## - CATALOGING SOURCE
Original cataloging agency SEKU
042 ## - AUTHENTICATION CODE
Authentication code pcc
050 00 - LIBRARY OF CONGRESS CALL NUMBER
Classification number RJ 61
Item number .S36 2005
100 1# - MAIN ENTRY--PERSONAL NAME
Personal name Schmitt, Barton D.,
Dates associated with a name 1937-
245 10 - TITLE STATEMENT
Title Your child's health :
Remainder of title the parents' one-stop reference guide to symptoms, emergencies, common illnesses, behavior problems, healthy development /
Statement of responsibility, etc. Barton D. Schmitt.
250 ## - EDITION STATEMENT
Edition statement Completely rev. & updated.
260 ## - PUBLICATION, DISTRIBUTION, ETC. (IMPRINT)
Place of publication, distribution, etc. New York :
Name of publisher, distributor, etc. Bantam Books,
Date of publication, distribution, etc. 2005.
300 ## - PHYSICAL DESCRIPTION
Extent xxvii, 686 p. ;
Dimensions 23 cm.
500 ## - GENERAL NOTE
General note Includes index.
650 #0 - SUBJECT ADDED ENTRY--TOPICAL TERM
Topical term or geographic name as entry element Pediatrics
Form subdivision Popular works.
650 #0 - SUBJECT ADDED ENTRY--TOPICAL TERM
Topical term or geographic name as entry element Infants
General subdivision Health and hygiene
Form subdivision Popular works.
650 #0 - SUBJECT ADDED ENTRY--TOPICAL TERM
Topical term or geographic name as entry element Children
General subdivision Health and hygiene
Form subdivision Popular works.
650 #2 - SUBJECT ADDED ENTRY--TOPICAL TERM
Topical term or geographic name as entry element Pediatrics
Form subdivision popular works
650 #2 - SUBJECT ADDED ENTRY--TOPICAL TERM
Topical term or geographic name as entry element Child Development
Form subdivision popular works
856 42 - ELECTRONIC LOCATION AND ACCESS
Materials specified Publisher description
Uniform Resource Identifier <a href="http://www.loc.gov/catdir/enhancements/fy0643/2005053679-d.html">http://www.loc.gov/catdir/enhancements/fy0643/2005053679-d.html</a>
856 42 - ELECTRONIC LOCATION AND ACCESS
Materials specified Contributor biographical information
Uniform Resource Identifier <a href="http://www.loc.gov/catdir/enhancements/fy0703/2005053679-b.html">http://www.loc.gov/catdir/enhancements/fy0703/2005053679-b.html</a>
856 41 - ELECTRONIC LOCATION AND ACCESS
Materials specified Sample text
Uniform Resource Identifier <a href="http://www.loc.gov/catdir/enhancements/fy0703/2005053679-s.html">http://www.loc.gov/catdir/enhancements/fy0703/2005053679-s.html</a>
942 ## - ADDED ENTRY ELEMENTS (KOHA)
Source of classification or shelving scheme Library of Congress Classification
Koha item type General circulation
Holdings
Withdrawn status Lost status Source of classification or shelving scheme Damaged status Not for loan Home library Current library Shelving location Date acquired Source of acquisition Total Checkouts Full call number Barcode Date last seen Price effective from Koha item type Public note
    Library of Congress Classification     Main Campus Library Main Campus Library General Stacks 17/05/2016 Donation-books for Africa   RJ 61 .S36 2005 2016/018051 17/05/2016 17/05/2016 General circulation A.K.
Kitui, Kenya.
+254736116989
library@seku.ac.ke